VAT: (Record no. 57134)

MARC details
000 -LEADER
fixed length control field 00774nam a22002057a 4500
005 - DATE AND TIME OF LATEST TRANSACTION
control field 20110929104928.0
010 ## - LCCN (DPL NO)
LC control number G-001463
020 ## - INTERNATIONAL STANDARD BOOK NUMBER
Terms of availability 295.00
International Standard Book Number 2958190317838
035 1d - SYSTEM CONTROL NUMBER
System control number G-001463
037 ## - SOURCE OF ACQUISITION
Source of stock number/acquisition Gift
082 ## - DEWEY DECIMAL CLASSIFICATION NUMBER
Classification number 336.27140954
100 ## - MAIN ENTRY--PERSONAL NAME
Personal name Pande, Ratan
245 ## - TITLE STATEMENT
Title VAT:
Statement of responsibility, etc by Ratan Pande
Remainder of title the new tax system /
260 ## - PUBLICATION, DISTRIBUTION, ETC. (IMPRINT)
Place of publication, distribution, etc Panchkula
Name of publisher, distributor, etc Holiday Book Store
Date of publication, distribution, etc 2009
270 ## - ADDRESS
Address S.C.O. 43, Ist Floor, Swastik Vihar MDC
City Panchkula (H.R.)
300 ## - PHYSICAL DESCRIPTION
Extent 172p.
Dimensions 22cm(Hb)
942 ## - ADDED ENTRY ELEMENTS (KOHA)
Source of classification or shelving scheme Dewey Decimal Classification
Item type English Books
Classification part 336.27140954
Call number suffix PAN
Holdings
Withdrawn status Lost status Not for loan Collection code Home library Current library Date acquired Source of acquisition Cost, normal purchase price Full call number Barcode Copy number Cost, replacement price Koha item type
      Non-fiction Janak Puri Janak Puri 29/09/2011 gift 295.00 336.27140954 PAN G-001463 1 295.00 English Books

© Delhi Public Library
Hit Counter
free hit counter